Statistics for Scooby-Doo Villains

Click here to take the quiz!

General Stats

  • This quiz has been taken 29 times
  • The average score is 3 of 10

Answer Stats

HintAnswer% Correct
Prehistoric bird manPterodactyl Ghost
57%
color and a chess pieceBlack Knight
52%
Creepy laughing ghost with chainsPhantom Shadow
48%
zombie - faceNo-face Zombie
43%
Half of BlackbeardCaptain Half-Beard
30%
Fire skeletonLord Infernicus
26%
skeleton in a suit at the operaPhantom of the Opera
22%
monster "with no name" but he doesChar Gar Gothakon
17%
Literally hairBig Wig the haunted hairpiece
13%
One of Zues' many, many MANY KidsMinotaur
13%

Score Distribution

Percentile by Number Answered

Percent of People with Each Score

Your Score History

You have not taken this quiz